Enseñanzas por correspondencia : curso 1945-46 curso 1945-46
Descripción Física:
8 p. : il. ; 21 cm
Otros Autores:
Escola Elemental del Treball (Barcelona)
MARC
| LEADER | 00000nam a2200000Ia 4500 | ||
|---|---|---|---|
| 001 | 23513 | ||
| 003 | BGR | ||
| 005 | 20260324180553.0 | ||
| 008 | 160829s9999 xx 000 0 cat d | ||
| 080 | |a FU-61-60 | ||
| 245 | |a Enseñanzas por correspondencia : |b curso 1945-46 | ||
| 260 | |a Barcelona : |b [s.n.], [1945?] | ||
| 300 | |a 8 p. : |b il. ; |c 21 cm | ||
| 590 | |a A la part superior de la portada: Escuela Elemental del Trabajo de la Diputación Provincial de Barcelona | ||
| 650 | |a Cursos per correspondència |9 33043 | ||
| 650 | |a Ensenyament tècnic |9 26880 | ||
| 650 | |a Escola Elemental del Treball (Barcelona) |9 55345 | ||
| 700 | |a Escola Elemental del Treball (Barcelona) |9 55345 | ||
| 710 | 1 | |a Barcelona (Catalunya : Província). |b Diputació |9 52408 | |
| 901 | |a Arxiu | ||
| 942 | |n 1 |2 udc |c MON | ||
| 952 | |0 0 |1 0 |4 0 |6 FU6160 |7 1 |9 54957 |a Arxiu |b Arxiu |d 2012-08-06 |l 0 |o FU-61-60 |p 23513 |r 2016-12-01 00:00:00 |w 2016-12-01 |y ARXIU | ||
| 999 | |c 58827 |d 58827 | ||